Name the Tempo for the Piano Composition - Statistics

General Stats
  • This quiz has been taken 86 times
    81 since last reset
  • The average score is 9 of 15
Answer Stats
Hint Answer % Correct
Hungarian Dance Allegro
86%
Sommerfugal Allegro
86%
Largo (Handel) Largo
80%
Nocturne Op9-2 Andante
73%
Clair de Lune Andante
73%
Gypsy Rondo Presto
70%
Moonlight Sonata Adagio
64%
Minuet No 3 Allegretto
59%
Turkish March Allegretto
59%
Fruglinslied Allegretto
59%
Schubert Serenade Moderato
51%
Traumerei Op15-7 Moderato
51%
Italian Song Op39-15 Moderato
51%
Prelude Op3-2 Lento
44%
Libestraume Poco Allegro
1%
No matching quizzes found
Score Distribution
Percent of People with Each Score
Percentile by Number Answered
Your Score History
You have not taken this quiz since the last reset